000 00911nam a2200253Ia 4500
001 16991
003 GE_BSU
008 181216s||||||||xx |||||||||||||| ||und||
040 _cGE_BSU
080 _a821.353.1.09
100 _aბერულავა, ხუტა
245 _aმშობლიური სახელები
245 _bწერილები
245 _cრედ.ნ.გიორგობიანი
250 _aმე-2 შევსებ. და გადამუშ. გამოც
260 _aთბილისი
260 _bგანათლება
260 _c1979
300 _a511გვ. ; 20სმ
653 _aმშობლიური სახელები
653 _aქართული ლიტერატურის ისტორია და კრიტიკა;
653 _aწერილები
942 _cBK
999 _c50053
_d50053